MDQL
is popping MORE tags! Check the
thread
!
Quizzes
Events
Quiz Creation
Community
Videos
Private Events
Remove Ads
Sign In
Join for FREE
Feedback
Dark Mode
Quiz Categories
Sports
Geography
Music
Movies
Television
Just For Fun
Miscellaneous
History
Literature
Language
Science
Gaming
Entertainment
Religion
Holiday
For Kids
Quiz Lab
Recent
Popular Today
Quiz Kudos Today
Editor Picks
Curator Picks
Quizzes by...
Day
Popularity
Type
Ratings
Length
Year
Community
Subscriptions
Recent Discussions
Orange Saloon
Badges
Playlists
Quests
Create
Leaderboards
Showdown
Live 5
Trivia Bingo
Activity
Puzzle Library
Sporcle Events
Private Events
Virtual Trivia
Globe League
Become a Host
Pub Owners
SporcleCon
Opinionation
Our Games
Videos
Blog
Mobile Apps
Partnerships
Remove Ads and Go Orange
Feedback
Sports
Athletes
MLB
NBA
NHL
NFL
Soccer
Sports Teams
WWE
NCAA
Football
Premier League
Basketball
Baseball
Hockey
Golf
Tennis
Cricket
Rugby
Auto Racing
Olympics
World Cup
Sports
Athletes
MLB
NBA
NHL
NFL
Soccer
Sports Teams
WWE
NCAA
Football
Premier League
Basketball
Baseball
Hockey
Golf
Tennis
Cricket
Rugby
Auto Racing
Olympics
World Cup
Random Quiz
Search Sporcle
×
Quiz Lab
Quiz Lab
Sports
World
Type in answers that appear in a list
Type in answers that appear in a list
Classic
Best Score? Go Orange.
Sweet Sixteen Stats
Can you name the who have obtained top 16 positions in the snooker world rankings since their inception in 1976?
By
Steela
10m
75 Questions
3,556 Plays
3,556 Plays
3,556 Plays
Comments
Comments
Give Quiz Kudos
Give Quiz Kudos
-
- Ratings
hide this ad
Replay
Link that replays current quiz
Next Quiz
Link to next quiz in quiz playlist
You Got
0%
They Got
Avg Score
51%
Avg Friend Score
Upgrade to see
Score Distribution
Jump to the score distribution portion of the page
Score
0/75
Timer
10:00
0
Plays Today
Highest Position Achieved
Player Name
% Correct
1
Ronnie O'Sullivan
97.7%
1
Stephen Hendry
97.3%
1
Steve Davis
96.8%
1
John Higgins
96.4%
2
Alex Higgins
95.4%
1
Mark Williams
91.9%
4
Fred Davis
91.3%
7
Neil Robertson
86.2%
2
Jimmy White
86%
6
Rex Williams
85.7%
2
Dennis Taylor
83.8%
3
Peter Ebdon
83.7%
2
Ken Doherty
82.7%
4
Mark Selby
82%
2
John Parrott
81.9%
3
Shaun Murphy
81.9%
2
Graham Dott
80.1%
1
Ray Reardon
80%
7
David Taylor
78.5%
4
Matthew Stevens
78.1%
4
Kirk Stevens
76.9%
1
Cliff Thorburn
75.8%
8
Marco Fu
72.9%
3
Terry Griffiths
71.8%
5
Joe Johnson
67.1%
10
John Virgo
65%
9
Ding Junhui
64.7%
4
Paul Hunter
64%
2
Stephen Maguire
63%
5
Ali Carter
60%
7
Willie Thorne
58.9%
2
John Spencer
58.5%
5
Stephen Lee
58.2%
6
Alan McManus
57.4%
3
James Wattana
56.6%
10
Tony Drago
52%
5
Nigel Bond
49.6%
11
Mark Allen
49.6%
Highest Position Achieved
Player Name
% Correct
5
Doug Mountjoy
43.9%
11
Mark King
43.1%
3
Neal Foulds
40.7%
10
Joe Swail
38.3%
10
Tony Meo
38.3%
2
Tony Knowles
38%
12
Barry Hawkins
37.8%
12
Joe Perry
37.7%
3
Eddie Charlton
36%
15
Terry Jones
35.9%
9
Fergal O'Brien
35.1%
6
Ryan Day
35.1%
10
Anthony Hamilton
34.1%
2
Perrie Mans
33.5%
7
Steve James
29.9%
9
Alain Robidoux
29.3%
14
Quinten Hann
29%
10
Silvino Francisco
28.3%
14
Peter Francisco
28%
8
Bill Werbeniuk
27%
6
Mike Hallett
24.8%
8
Darren Morgan
23.8%
16
Cliff Wilson
23.8%
12
Chris Small
23.7%
11
Dave Harold
23.1%
11
Patsy Fagan
20.9%
16
Ian McCulloch
19.8%
5
Gary Wilkinson
18.5%
12
David Gray
16.5%
5
Graham Miles
15.2%
7
John Pulman
15.2%
8
Dean Reynolds
14.7%
12
Martin Clark
11%
13
David Roe
10%
12
Jim Meadowcroft
9.1%
10
Gary Owen
7%
11
John Dunning
5.1%
Quiz Playlist
Details
Report
Send in Message
Add To Playlist
Classic:
Type in answers that appear in a list
Quiz Source
Last Updated: Feb 16, 2017
Quiz Scoreboard
CHALLENGE
Sign Up to Join the Scoreboard
Show All
Scores
Hide
Comments
May contain spoilers
Recently Published
Street Fighter Characters
by Artimus82
Gaming
60s
9x9 Crossword: Cartoon Network
by jackfrog10
Miscellaneous
3m
College Basketball Coaching Resumes
by pancakes188
Sports
9m
More to Explore
Quiz From the Vault
Featured Blog Post
Where Did the Easter Bunny Come From?
hide this ad
You Might Also Like...
Tags
Football Quiz
World Quiz
1970s
Achieved
Banking
highest
Obtained
Player
Snooker
Sweet
Sweet Sixteen
Today's Top Quizzes in Sports
Browse Sports
hide this ad
Today's Top Quizzes in World
Browse World
Top Contributed Quizzes in Sports
1
2022 World Cup Stars
2
Les meilleurs buteurs des matchs entre le PSG et l’OM
3
FIFA Club World Cup Champions
4
Les entraîneurs de l'OM et du PSG au 21e siècle
5
Criteria MLB: Left Handed Sluggers
6
2023 MLB Unique Player Accomplishments
7
AFC Teams Reveal (Wrong Answers Minefield)
8
Players with Multiple 50 Home Run Seasons
9
5-to-1: FBS Animal Nicknames
10
5-to-1: UK Sports Teams
Explore More
Trending Topics
Harry Potter
NBA
Anime
Crossword
Kpop
Marvel
Disney
Song
WWE
Country
NFL
The Office
Pokémon
Puzzle
Soccer
hide this ad
More By:
Steela
Quiz
Plays
Rating
Category
Featured
Created
Sweet Sixteen
3,556
4.13
Sports
Oct 13, 2009
Film Titles by Antonym
2,669
4.14
Movies
Dec 1, 2009
European Championships Top 4
2,624
4.31
Sports
Nov 18, 2009
English Football League Cup Sponsors
544
4.17
Sports
Nov 6, 2009
The Movers and Scorers
213
3.00
Sports
Nov 6, 2009
Go to Creator's Profile
Score Distribution
Quiz Creator Spotlight
Steela
Follow
Send a Message
Quizzes Created
-
Created Quiz Play Count
-
More By This Creator
Popular Quizzes Today
1
Find the US States - No Outlines Minefield
2
Find the Countries of Europe - No Outlines Minefield
3
The Countries of the World
4
Find the US States
5
Risky Map Clicking: Biggest States A-Z
6
US States
7
Popular People in 1961
8
Movies - When Are They Set?
More Sports Quizzes
NBA: Western or Eastern Conference?
Published
Trending Quizzes
Risky Map Clicking: Least Populous States A-Z
1-10 Letter G Words
Risky Map Clicking: Next State Alphabetically
Adjectives in 80s TV Shows
The Seven Year Switch: Catherine
Recently Updated
Leaping Animals
pecheneg
Reality TV Shows (A-Z)
bhenderson79
Rickey Henderson's Hall of Fame Teammates
pecheneg
Champions League XIs: Arsenal
pecheneg
Quick Pick: Celebrities in WWE's Hall of Fame
aduchscher
A-Z Keypad Blitz II
pecheneg
Multiple Oscar Actors
pecheneg
Mystery Phrase Blitz: Oscar 'Best Actors'
pecheneg
F. Scott Fitzgerald Novels
LTH
Pick 3 Villains
ddd62291
Trending Topics
Anime
NBA
Marvel
Crossword
Disney
Harry Potter
Kpop
Puzzle
The Office
Pokémon
WWE
Country
NFL
Song
Soccer
Your Account Isn't Verified!
In order to create a playlist on Sporcle, you need to verify the email address you used during registration. Go to your
Sporcle Settings
to finish the process.
Report this User
Report this user for behavior that violates our
Community Guidelines
.
Details:
Send Report
Go to the Sporcle.com Mobile Site →
Comments